000 00313pam a2200145 a 4500
020 _c
041 _aeng
082 _a575.1
_bWIN
100 _aWinter Hickey.
245 _aINSTANT NOTES IN 575
_hTextual Documents
250 _a1999.
260 _aDelhi :
_bViva Books Pvt.
300 _a342p.
930 _a1606
999 _c78530
_d78530